Movies Quiz

Random Movies or Actor Quiz
Score 0/16 Timer 04:00
0 Plays Today
Film Actor % Correct
The Dark KnightHeath Ledger
91.5%
Batman (1989)Jack Nicholson
90.4%
Batman ForeverJim Carrey
87.5%
Batman ReturnsDanny DeVito
86.3%
Batman ForeverTommy Lee Jones
75.6%
Batman & RobinUma Thurman
74%
Batman & RobinArnold Schwarzenegger
72.9%
Batman BeginsLiam Neeson
72%
Film Actor % Correct
The Dark Knight RisesTom Hardy
67.6%
Batman ReturnsMichelle Pfeiffer
65.1%
The Dark KnightAaron Eckhart
54%
Batman v Superman: Dawn of JusticeJesse Eisenberg
52.8%
Batman ReturnsChristopher Walken
45.4%
Batman BeginsCillian Murphy
44.5%
The Dark Knight RisesMarion Cotillard
33.5%
Batman (1989)Jack Palance
19.8%
Remove Ads.
Support Sporcle.
Get the best of Sporcle when you Go Orange. This ad-free experience offers more features, more stats, and more fun while also helping to support Sporcle. Thank you for becoming a member.

You're not logged in!

Compare scores with friends on all Sporcle quizzes.
OR
Log In

Show Comments

Extras

Top Quizzes Today


Score Distribution

Your Account Isn't Verified!

In order to create a playlist on Sporcle, you need to verify the email address you used during registration. Go to your Sporcle Settings to finish the process.

Report this User

Report this user for behavior that violates our Community Guidelines.

Details: